Lewisham London Borough Council v Malcolm (Record no. 80441)

MARC details
000 -LEADER
fixed length control field 01744cad a22002415a 4500
001 - CONTROL NUMBER
control field L144352
008 - FIXED-LENGTH DATA ELEMENTS--GENERAL INFORMATION
fixed length control field 080714e20080625xxk f v 000 0 eng d
035 ## - SYSTEM CONTROL NUMBER
System control number (Sirsi) u144352
041 0# - LANGUAGE CODE
Language code of text/sound track or separate title eng
245 00 - TITLE STATEMENT
Title Lewisham London Borough Council v Malcolm
Medium [electronic resource]
260 ## - PUBLICATION, DISTRIBUTION, ETC.
Date of publication, distribution, etc. 2008
520 ## - SUMMARY, ETC.
Summary, etc. [2008] UKHL 43.The case concerned the practical application of the Disability Discrimination Act 1995 in housing. A local authority (L) tried to evict a disabled person (M), who had moved elsewhere, from his council flat because he had sublet the property in breach of the terms of his tenancy agreement. L had served a notice to quit and started possession order proceedings. M argued that he was disabled under the 1995 Disability Discrimination Act, and that L had unlawfully discriminated against him. The Court of Appeal found in favour of M, however L then appealed. Held: appeal allowed. There was no evidence of discrimination by L against M, or that L was aware of M's disability when it made its decision to evict. Nor was there evidence that he was being treated less favourably than others who had sublet and were not disabled. The approach adopted by the previous court to comparators in Clark v TDG Ltd was wrong. Taylor v OCS Group Ltd applied.
590 ## - LOCAL NOTE (RLIN)
Local note KA NTK
650 24 - SUBJECT ADDED ENTRY--TOPICAL TERM
Topical term or geographic name entry element HOUSING ACT 1985
650 24 - SUBJECT ADDED ENTRY--TOPICAL TERM
Topical term or geographic name entry element DISABILITY DISCRIMINATION ACT 1995
650 24 - SUBJECT ADDED ENTRY--TOPICAL TERM
Topical term or geographic name entry element CLARK V T D G LTD
650 24 - SUBJECT ADDED ENTRY--TOPICAL TERM
Topical term or geographic name entry element TAYLOR V OCS GROUP LTD
650 24 - SUBJECT ADDED ENTRY--TOPICAL TERM
Topical term or geographic name entry element S v FLOYD
651 #4 - SUBJECT ADDED ENTRY--GEOGRAPHIC NAME
Geographic name England and Wales
Chronological subdivision 1543-
690 ## - LOCAL SUBJECT ADDED ENTRY--TOPICAL TERM (OCLC, RLIN)
Topical term or geographic name as entry element PROPERTY-RESIDENTIAL PROPERTY-RESIDENTIAL LANDLORD AND TENANT-RESIDENTIAL TENANCIES
856 40 - ELECTRONIC LOCATION AND ACCESS
Uniform Resource Identifier <a href="https://www.bailii.org/uk/cases/UKHL/2008/43.html">https://www.bailii.org/uk/cases/UKHL/2008/43.html</a>
Public note View the judgment free of charge at www.baiili.org...
942 ## - ADDED ENTRY ELEMENTS (KOHA)
Suppress in OPAC 0
Holdings
Withdrawn status Lost status Source of classification or shelving scheme Damaged status Not for loan Home library Current library Shelving location Date acquired Total Checkouts Full call number Barcode Date last seen Copy number Price effective from Koha item type
    Dewey Decimal Classification     Virtual Virtual Online 14/07/2008   ONLINE PUBLICATION 144352-1001 06/08/2019 1 06/08/2019 Law report